[Event "FinaleChallengeBNP 2012"]
[Site "Port-Marly"]
[Date "2012.06.16"]
[Round "6.5"]
[White "Kirszenberg, Marc"]
[Black "Massoni, Michael"]
[Result "0-1"]
[WhiteElo "2260"]
[BlackElo "2250"]
[PlyCount "98"]
[EventDate "2012.??.??"]

1. d4 Nf6 2. c4 g6 3. Nc3 d5 4. Nf3 Bg7 5. Bg5 Ne4 6. cxd5 Nxg5 7. Nxg5 e6 8.
Qd2 h6 9. Nf3 exd5 10. e3 O-O 11. Bd3 Be6 12. O-O Nd7 13. b4 Bg4 14. Be2 c6 15.
Rac1 a6 16. Na4 Re8 17. Nc5 Qc7 18. h3 Bf5 19. g4 Be4 20. Rc3 f5 21. g5 Bxf3
22. Bxf3 hxg5 23. Rfc1 Nxc5 24. bxc5 Qd7 25. Rb1 g4 26. hxg4 fxg4 27. Bg2 Qf7
28. Rcb3 Re7 29. Qd1 Rf8 30. R1b2 Qf5 31. Qd2 Rff7 32. Rb1 Bh6 33. Rf1 Qd7 34.
Qc2 Kg7 35. Qb2 Qe8 36. e4 dxe4 37. d5+ Kh7 38. d6 Rd7 39. Qe2 Qe5 40. Qxe4
Qxc5 41. Qxg4 Qxd6 42. Be4 Rf4 43. Qg2 Re7 44. Re3 Qf6 45. Qxg6+ Kh8 46. Qxf6+
Rxf6 47. Re2 Rg7+ 48. Kh2 Bf4+ 49. Kh3 Rh6# 0-1

[Event "FinaleChallengeBNP 2012"]
[Site "Port-Marly"]
[Date "2012.06.16"]
[Round "6.6"]
[White "Schmit, Vincent"]
[Black "Pavon Cardenas, Jesus"]
[Result "0-1"]
[WhiteElo "2140"]
[BlackElo "2450"]
[PlyCount "86"]
[EventDate "2012.??.??"]

1. e4 d5 2. Nc3 d4 3. Nce2 c5 4. Nf3 Nc6 5. Ng3 Bg4 6. h3 Bd7 7. Bc4 e6 8. d3
Bd6 9. a4 Qc7 10. Ne2 Nge7 11. Bg5 Ng6 12. Qd2 h6 13. Bh4 O-O 14. Bg3 e5 15.
Nh4 Nxh4 16. Bxh4 Kh7 17. O-O g5 18. Bxg5 hxg5 19. Qxg5 Ne7 20. Ng3 Ng6 21. Nf5
Bxf5 22. exf5 Nf4 23. Qh4+ Kg7 24. g3 Rh8 25. f6+ Kg6 26. Qg4+ Kxf6 27. h4 Ng6
28. Qg5+ Kg7 29. Rae1 f6 30. Qg4 Kh7 31. Qh5+ Kg7 32. Qg4 Qc8 33. Be6 Qe8 34.
Bf5 Kh6 35. f4 Qf7 36. Re4 Rae8 37. Qe2 Kg7 38. h5 Ne7 39. Qg4+ Kf8 40. Bg6 Qg7
41. Qf3 Nxg6 42. hxg6 Kg8 43. Qg4 Rh6 0-1

[Event "FinaleChallengeBNP 2012"]
[Site "Port-Marly"]
[Date "2012.06.16"]
[Round "7.1"]
[White "Dourerassou, Jonathan"]
[Black "Decosse, Fabien"]
[Result "1-0"]
[WhiteElo "2670"]
[BlackElo "2440"]
[PlyCount "63"]
[EventDate "2012.??.??"]

1. e4 d6 2. d4 Nf6 3. Nc3 e5 4. Nf3 Nbd7 5. Bc4 Be7 6. O-O O-O 7. Re1 a6 8. a4
b6 9. Bg5 c6 10. Ba2 Rb8 11. Qd3 b5 12. Rad1 Qc7 13. h3 h6 14. Bh4 b4 15. Ne2
Re8 16. Qc4 Rf8 17. Ng3 g5 18. Nf5 Nb6 19. Qxc6 Rb7 20. Nxe7+ Qxe7 21. dxe5
gxh4 22. exf6 Qxf6 23. Rxd6 Qxb2 24. Rg6+ Kh7 25. Rxh6+ Kg7 26. Rxh4 f6 27. Bb3
Qc3 28. Qd6 Qc7 29. Qd2 Rh8 30. Rxh8 Kxh8 31. Qh6+ Qh7 32. Qf8+ 1-0

[Event "FinaleChallengeBNP 2012"]
[Site "Port-Marly"]
[Date "2012.06.16"]
[Round "7.2"]
[White "Lepelletier, Benoit"]
[Black "Guliyev, Namig"]
[Result "1-0"]
[WhiteElo "2540"]
[BlackElo "2690"]
[PlyCount "81"]
[EventDate "2012.??.??"]

1. e4 c5 2. Nf3 d6 3. d4 cxd4 4. Nxd4 Nf6 5. Nc3 a6 6. h3 e6 7. g4 d5 8. Bg2
Bb4 9. exd5 Nxd5 10. Nde2 O-O 11. O-O Nxc3 12. Nxc3 Qc7 13. Ne4 Nc6 14. c3 Be7
15. Qf3 Bd7 16. Bf4 e5 17. Be3 Be6 18. Ng3 g6 19. g5 Rfd8 20. Rfd1 Rxd1+ 21.
Rxd1 Bxa2 22. Ne4 Rd8 23. Nf6+ Kg7 24. Ra1 Be6 25. Qg3 Na5 26. Qh4 h5 27. gxh6+
Kh8 28. Bg5 Nb3 29. Re1 Rf8 30. Ng4 Bxg5 31. Qxg5 f6 32. Nxf6 Qf7 33. Ne4 Qf5
34. Qg3 Bf7 35. Nd6 Qf6 36. Qxe5 Qxe5 37. Rxe5 b5 38. Nxf7+ Rxf7 39. Bd5 Nd2
40. Re8+ Kh7 41. Bxf7 1-0

[Event "FinaleChallengeBNP 2012"]
[Site "Port-Marly"]
[Date "2012.06.16"]
[Round "7.3"]
[White "Bauer, Christian"]
[Black "Massoni, Michael"]
[Result "1-0"]
[WhiteElo "2740"]
[BlackElo "2250"]
[PlyCount "63"]
[EventDate "2012.??.??"]

1. d4 Nf6 2. Nf3 g6 3. Bf4 Bg7 4. e3 O-O 5. Be2 d6 6. O-O Nbd7 7. h3 c5 8. a4
b6 9. a5 Bb7 10. a6 Bc6 11. c4 d5 12. Nc3 cxd4 13. Nxd4 Rc8 14. Nxc6 Rxc6 15.
cxd5 Rc8 16. Nb5 Rc5 17. Nxa7 Nxd5 18. Nc6 Qa8 19. Nxe7+ Nxe7 20. Qxd7 Nd5 21.
Bd6 Rd8 22. Qxd8+ Qxd8 23. Bxc5 bxc5 24. Rfd1 Bxb2 25. Ra2 Bd4 26. a7 Nc7 27.
Bf3 Kg7 28. exd4 cxd4 29. Rc2 Na8 30. Bxa8 Qxa8 31. Ra2 h5 32. Rxd4 1-0

[Event "FinaleChallengeBNP 2012"]
[Site "Port-Marly"]
[Date "2012.06.16"]
[Round "7.4"]
[White "Pavon Cardenas, Jesus"]
[Black "Godart, Francois"]
[Result "0-1"]
[WhiteElo "2450"]
[BlackElo "2350"]
[PlyCount "44"]
[EventDate "2012.??.??"]

1. e4 e5 2. Nf3 Nc6 3. Bb5 f5 4. d3 fxe4 5. dxe4 Nf6 6. Nc3 Bb4 7. Bc4 d6 8. h3
Qe7 9. Qd3 Bxc3+ 10. bxc3 Be6 11. Bd5 Bxd5 12. exd5 e4 13. Qe2 exf3 14. Qxe7+
Nxe7 15. c4 fxg2 16. Rg1 O-O 17. Rxg2 Rae8 18. Be3 Nf5 19. Kd2 Ne4+ 20. Kd3
Nxe3 21. fxe3 Rf2 22. Rg4 Rd2# 0-1

[Event "FinaleChallengeBNP 2012"]
[Site "Port-Marly"]
[Date "2012.06.16"]
[Round "7.5"]
[White "Leruste, Georges"]
[Black "El Archi, Jounaid"]
[Result "1-0"]
[WhiteElo "2270"]
[BlackElo "1690"]
[PlyCount "81"]
[EventDate "2012.??.??"]

1. Nf3 Nf6 2. g3 g6 3. b3 Bg7 4. Bb2 d6 5. d4 O-O 6. Bg2 Nbd7 7. O-O c5 8. c4
a6 9. Nc3 Rb8 10. dxc5 Nxc5 11. Nd4 Ne6 12. Rc1 Nxd4 13. Qxd4 Be6 14. Rfd1 Qc7
15. Nd5 Qd7 16. Qd2 Bxd5 17. cxd5 Rfc8 18. Bd4 Qb5 19. Qb2 Qd7 20. h3 Rc7 21.
Rxc7 Qxc7 22. Rc1 Qd7 23. Qc2 Nh5 24. Bxg7 Nxg7 25. h4 Nf5 26. e3 e6 27. dxe6
fxe6 28. Bh3 Kf7 29. h5 Ke7 30. Qc3 Kf7 31. e4 Ne7 32. h6 Rc8 33. Qg7+ Ke8 34.
Qh8+ Kf7 35. Qxh7+ Ke8 36. Qh8+ Kf7 37. Qg7+ Ke8 38. Rxc8+ Qxc8 39. Qh8+ Kd7
40. Qxc8+ Kxc8 41. h7 1-0

[Event "FinaleChallengeBNP 2012"]
[Site "Port-Marly"]
[Date "2012.06.16"]
[Round "7.6"]
[White "Faure, Stephane"]
[Black "Kirszenberg, Marc"]
[Result "1-0"]
[WhiteElo "2110"]
[BlackElo "2260"]
[PlyCount "93"]
[EventDate "2012.??.??"]

1. e4 d5 2. exd5 Nf6 3. d4 Nxd5 4. Bc4 Nc6 5. c3 g6 6. Qf3 e6 7. Nh3 Bg7 8. O-O
O-O 9. Bg5 f6 10. Bd2 Kh8 11. Bxd5 exd5 12. Nf4 Ne7 13. Na3 c6 14. Nc2 Bf5 15.
Ne3 Be4 16. Qh3 Qc8 17. f3 Qxh3 18. Nxh3 Bd3 19. Rfe1 g5 20. Ng4 Ng6 21. Nhf2
Bf5 22. Ne3 Bd7 23. g3 f5 24. Nd3 Rae8 25. Ng2 h6 26. f4 b6 27. Ne5 Nxe5 28.
dxe5 g4 29. Rad1 c5 30. Be3 Bc6 31. Bf2 Rd8 32. Ne3 h5 33. Rd2 d4 34. cxd4 cxd4
35. Nc4 d3 36. Nd6 Rxd6 37. exd6 Be4 38. Rc1 Rd8 39. Rc7 a5 40. d7 Kh7 41. Bxb6
Bf6 42. Ra7 Kg6 43. Bxd8 Bd4+ 44. Kf1 Bxa7 45. Bg5 Bf3 46. Rxd3 Bb6 47. d8=Q
1-0

[Event "FinaleChallengeBNP 2012"]
[Site "Port-Marly"]
[Date "2012.06.16"]
[Round "8.1"]
[White "Bauer, Christian"]
[Black "Dourerassou, Jonathan"]
[Result "1-0"]
[WhiteElo "2740"]
[BlackElo "2670"]
[PlyCount "69"]
[EventDate "2012.??.??"]

1. d4 Nf6 2. Nf3 g6 3. Bf4 Bg7 4. e3 O-O 5. Be2 d5 6. O-O Nbd7 7. h3 a6 8. a4
c5 9. a5 b5 10. axb6 Qxb6 11. Ra2 cxd4 12. exd4 Ne4 13. c3 Ndf6 14. Ne5 Bf5 15.
Na3 Rfc8 16. Re1 Nd6 17. Nc2 Qb3 18. Nb4 Qxd1 19. Rxd1 a5 20. Na6 a4 21. Nc5
Nfe4 22. Nxa4 Ra5 23. Rda1 Rca8 24. Nc6 Bd7 25. Nxa5 Rxa5 26. Nb6 Rxa2 27. Rxa2
Bc6 28. f3 g5 29. Be5 Nd2 30. Bxd6 exd6 31. Kf2 Nb3 32. Ra3 Nxd4 33. cxd4 Bxd4+
34. Kf1 Bxb6 35. Ra6 1-0

[Event "FinaleChallengeBNP 2012"]
[Site "Port-Marly"]
[Date "2012.06.16"]
[Round "8.2"]
[White "Godart, Francois"]
[Black "Lepelletier, Benoit"]
[Result "1/2-1/2"]
[WhiteElo "2350"]
[BlackElo "2540"]
[PlyCount "85"]
[EventDate "2012.??.??"]

1. d4 Nf6 2. c4 e6 3. Nf3 b6 4. a3 Bb7 5. Nc3 g6 6. Bg5 Bg7 7. e3 h6 8. Bh4 d6
9. Be2 Nbd7 10. O-O O-O 11. Nd2 c6 12. e4 c5 13. d5 exd5 14. cxd5 g5 15. Bg3
Qe7 16. Nc4 Ne8 17. Nb5 Ne5 18. Bxe5 Bxe5 19. Nxe5 Qxe5 20. Nc3 Ng7 21. g3 f5
22. exf5 Nxf5 23. Re1 Nd4 24. Qd3 Qf5 25. Qxf5 Rxf5 26. Bg4 Rff8 27. Re7 Rf7
28. Be6 Nxe6 29. Rxe6 Kg7 30. Rxd6 Re8 31. Rd1 Rfe7 32. h4 gxh4 33. gxh4 h5 34.
Rd3 Kh7 35. Rg3 Bc8 36. Rgg6 Bg4 37. Rh6+ Kg7 38. Rdg6+ Kf7 39. f3 Bf5 40. Rf6+
Kg7 41. Ne4 Bxe4 42. fxe4 Rxe4 43. Rhg6+ 1/2-1/2

[Event "FinaleChallengeBNP 2012"]
[Site "Port-Marly"]
[Date "2012.06.16"]
[Round "8.3"]
[White "Guliyev, Namig"]
[Black "Faure, Stephane"]
[Result "1-0"]
[WhiteElo "2690"]
[BlackElo "2110"]
[PlyCount "83"]
[EventDate "2012.??.??"]

1. e4 c5 2. Nf3 d6 3. d4 cxd4 4. Nxd4 Nf6 5. Nc3 Nc6 6. Be2 Bd7 7. O-O g6 8.
Be3 Bg7 9. Qd2 O-O 10. Rfd1 Rc8 11. f3 a6 12. a4 Ne5 13. b3 Qc7 14. Nd5 Nxd5
15. exd5 Qc3 16. Qxc3 Rxc3 17. Bd2 Rcc8 18. c3 Rc5 19. f4 Ng4 20. Bf3 Nf6 21.
b4 Rc4 22. Re1 Re8 23. a5 Bg4 24. Bxg4 Nxg4 25. b5 Rxd4 26. cxd4 Bxd4+ 27. Kf1
Nxh2+ 28. Ke2 Bxa1 29. Rxa1 Rc8 30. bxa6 bxa6 31. Rb1 Rc5 32. Rb6 Rxd5 33. Rxa6
Ng4 34. Ra8+ Kg7 35. a6 Rd4 36. Bc3 e5 37. Bxd4 exd4 38. Rd8 d3+ 39. Kd2 Nf2
40. a7 Ne4+ 41. Kxd3 Nc5+ 42. Ke3 1-0

[Event "FinaleChallengeBNP 2012"]
[Site "Port-Marly"]
[Date "2012.06.16"]
[Round "8.4"]
[White "Decosse, Jean-Fabien"]
[Black "Leruste, Georges"]
[Result "1-0"]
[WhiteElo "2440"]
[BlackElo "2270"]
[PlyCount "104"]
[EventDate "2012.??.??"]

1. d4 e6 2. c4 f5 3. Nc3 Nf6 4. g3 Be7 5. Bg2 O-O 6. Nf3 d6 7. O-O Ne4 8. Qc2
Nxc3 9. Qxc3 a5 10. b3 Nc6 11. Bb2 Bf6 12. e3 e5 13. dxe5 dxe5 14. Rad1 Qe7 15.
Qc2 Be6 16. Rd2 g5 17. Rfd1 Qg7 18. Ne1 e4 19. Bxf6 Qxf6 20. Qb2 Ne5 21. a3 a4
22. Bf1 f4 23. exf4 gxf4 24. Qd4 e3 25. fxe3 fxg3 26. Bg2 gxh2+ 27. Kh1 axb3
28. c5 Bg4 29. Rb1 Rad8 30. Qb2 Rde8 31. Qxb3+ Be6 32. Qxb7 Nc4 33. Re2 Bg4 34.
Qd5+ Be6 35. Qh5 Kh8 36. Nd3 Bf5 37. e4 Bg6 38. Qxh2 Nxa3 39. Rf1 Qg7 40. Nf4
Bf7 41. e5 Bc4 42. Rfe1 Rxe5 43. Rxe5 Rg8 44. Rh5 Qa1 45. Qg1 Qg7 46. Rh2 Qe5
47. Qf2 Rg7 48. Rh4 Qa1 49. Kh2 Qe5 50. Qd2 Qf6 51. Rh3 Rf7 52. Qe3 Qxf4+ 1-0

[Event "FinaleChallengeBNP 2012"]
[Site "Port-Marly"]
[Date "2012.06.16"]
[Round "8.5"]
[White "Mohammad, Fahim"]
[Black "Naudion, Gregoire"]
[Result "0-1"]
[WhiteElo "2110"]
[BlackElo "2220"]
[PlyCount "54"]
[EventDate "2012.??.??"]

1. d4 g6 2. Nf3 Bg7 3. c4 Nf6 4. Nc3 O-O 5. e4 d6 6. h3 e5 7. dxe5 dxe5 8. Be3
c6 9. Be2 Nbd7 10. c5 Re8 11. O-O Bf8 12. b4 Nh5 13. Nd2 Nf4 14. Nc4 Qg5 15.
Bxf4 exf4 16. Bf3 Bg7 17. Rc1 Ne5 18. Nd6 Bxh3 19. Nxe8 Rxe8 20. Kh2 Nxf3+ 21.
Qxf3 Bg4 22. Qd3 Rd8 23. Qc2 Be5 24. Rh1 f3+ 25. g3 Rd2 26. Qb3 Be6 27. Qc2
Qxg3# 0-1

[Event "FinaleChallengeBNP 2012"]
[Site "Port-Marly"]
[Date "2012.06.16"]
[Round "8.6"]
[White "Moingt, Jean-Claude"]
[Black "Pavon Cardenas, Jesus"]
[Result "0-1"]
[WhiteElo "2150"]
[BlackElo "2450"]
[PlyCount "48"]
[EventDate "2012.??.??"]

1. d4 f5 2. g3 Nf6 3. Bg2 g6 4. Nh3 d6 5. d5 c6 6. c4 e5 7. dxe6 Bxe6 8. Qc2
Bg7 9. O-O O-O 10. Nf4 Bf7 11. Nd2 Re8 12. e4 fxe4 13. Nxe4 Nxe4 14. Bxe4 d5
15. Rd1 Qe7 16. Bd3 Na6 17. a3 Nc5 18. Bf1 Rad8 19. cxd5 cxd5 20. Bd2 Ne4 21.
Bb4 Qe5 22. Rac1 b6 23. Qc7 a5 24. Bc3 Qxc7 0-1

[Event "FinaleChallengeBNP 2012"]
[Site "Port-Marly"]
[Date "2012.06.16"]
[Round "9.1"]
[White "Dourerassou, Jonathan"]
[Black "Godart, Francois"]
[Result "1-0"]
[WhiteElo "2670"]
[BlackElo "2350"]
[PlyCount "69"]
[EventDate "2012.??.??"]

1. e4 e5 2. Nf3 Nc6 3. Bb5 f5 4. Nc3 fxe4 5. Nxe4 d5 6. Nxe5 dxe4 7. Nxc6 Qg5
8. Qe2 Nf6 9. f4 Qxf4 10. d4 Qd6 11. Ne5+ c6 12. Bc4 Be6 13. c3 Be7 14. Bg5 O-O
15. O-O Bxc4 16. Qxc4+ Qd5 17. Qb3 Qxb3 18. axb3 h6 19. Ng6 hxg5 20. Nxe7+ Kf7
21. Nf5 Rfd8 22. Ng3 Kg6 23. Rae1 Re8 24. Nf5 Rad8 25. Ne3 b5 26. h3 Rd7 27.
Kh2 Rf7 28. Kg1 Re6 29. Rf2 Nd5 30. Rxf7 Kxf7 31. Ng4 Nf6 32. Ne5+ Ke7 33. Ra1
Kd6 34. Rxa7 e3 35. Kf1 1-0

[Event "FinaleChallengeBNP 2012"]
[Site "Port-Marly"]
[Date "2012.06.16"]
[Round "9.2"]
[White "Naudion, Gregoire"]
[Black "Bauer, Christian"]
[Result "0-1"]
[WhiteElo "2220"]
[BlackElo "2740"]
[PlyCount "52"]
[EventDate "2012.??.??"]

1. e4 d5 2. exd5 Qxd5 3. Nc3 Qa5 4. g3 Nf6 5. Bg2 Bg4 6. Nge2 Nc6 7. h3 Bh5 8.
O-O O-O-O 9. d3 e6 10. Be3 Bb4 11. Ne4 Nxe4 12. Bxe4 f5 13. Bg2 Ne5 14. a3 Be7
15. b4 Qa4 16. g4 fxg4 17. Ng3 g6 18. Bf4 gxh3 19. Nxh5 hxg2 20. Kxg2 Qc6+ 21.
f3 gxh5 22. Bxe5 Rhg8+ 23. Kh1 Rd5 24. Qe2 Bd6 25. Bxd6 Qxd6 26. c4 Rd4 0-1

[Event "FinaleChallengeBNP 2012"]
[Site "Port-Marly"]
[Date "2012.06.16"]
[Round "9.3"]
[White "Lepelletier, Benoit"]
[Black "Decosse, Jean-Fabien"]
[Result "1-0"]
[WhiteElo "2540"]
[BlackElo "2440"]
[PlyCount "51"]
[EventDate "2012.??.??"]

1. e4 d6 2. Nc3 Nf6 3. f4 c6 4. Nf3 Nbd7 5. Bc4 e6 6. d3 d5 7. Bb3 Nc5 8. Qe2
dxe4 9. dxe4 Nxb3 10. axb3 Bc5 11. Be3 Bxe3 12. Qxe3 b6 13. O-O O-O 14. Ne5 Qc7
15. Nc4 Bb7 16. e5 Nd5 17. Nxd5 exd5 18. Nd6 c5 19. Qg3 a5 20. Rae1 Rad8 21.
Nf5 g6 22. Qg5 f6 23. exf6 Rd7 24. Ne7+ Kh8 25. f5 gxf5 26. Qg7# 1-0

[Event "FinaleChallengeBNP 2012"]
[Site "Port-Marly"]
[Date "2012.06.16"]
[Round "9.4"]
[White "Pavon Cardenas, Jesus"]
[Black "Guliyev, Namig"]
[Result "0-1"]
[WhiteElo "2450"]
[BlackElo "2690"]
[PlyCount "77"]
[EventDate "2012.??.??"]

1. e4 c5 2. Nf3 d6 3. d4 cxd4 4. Nxd4 Nf6 5. Nc3 a6 6. Be3 e6 7. Be2 Qc7 8. O-O
b5 9. a3 Bb7 10. f3 Nbd7 11. Nb3 Be7 12. Qe1 O-O 13. Rd1 Rac8 14. Qg3 Kh8 15.
Kh1 Ne5 16. Bc1 Qb8 17. f4 Nc4 18. Bd3 Ba8 19. Ne2 Nxe4 20. Qh3 d5 21. f5 e5
22. Bxe4 dxe4 23. f6 Bxf6 24. Ng3 Qb6 25. Rde1 e3 26. Nf5 Bg5 27. Qg3 Qg6 28.
h3 Bf4 29. Qxg6 hxg6 30. Nh4 Kg8 31. Nf3 Rfd8 32. Re2 Be4 33. Ne1 a5 34. Kg1 a4
35. Na1 Rd7 36. c3 Rd1 37. Nec2 Rxf1+ 38. Kxf1 Bd3 39. Ke1 0-1

[Event "FinaleChallengeBNP 2012"]
[Site "Port-Marly"]
[Date "2012.06.16"]
[Round "9.6"]
[White "Leruste, Georges"]
[Black "Mohammad, Fahim"]
[Result "1-0"]
[WhiteElo "2270"]
[BlackElo "2110"]
[PlyCount "63"]
[EventDate "2012.??.??"]

1. Nf3 d5 2. g3 g6 3. c4 Bg7 4. cxd5 Qxd5 5. Bg2 Nf6 6. Nc3 Qd8 7. O-O O-O 8.
d4 c6 9. h3 Na6 10. e4 Nc7 11. Qe2 e6 12. Rd1 Qe7 13. Bg5 h6 14. Be3 b6 15.
Rac1 Ba6 16. Qc2 Rac8 17. Qb3 Rfd8 18. a4 b5 19. Ne5 Qe8 20. Na2 Na8 21. Nb4
Bb7 22. a5 Bf8 23. a6 Bxb4 24. axb7 Rb8 25. Qxb4 a5 26. Qc5 Rbc8 27. Qb6 Nd7
28. Nxd7 Rxd7 29. Qxa5 Rdc7 30. Qd2 e5 31. dxe5 Qxe5 32. Bf4 1-0

[Event "FinaleChallengeBNP 2012"]
[Site "Port-Marly"]
[Date "2012.06.16"]
[Round "10.1"]
[White "Massoni, Michael"]
[Black "Dourerassou, Jonathan"]
[Result "0-1"]
[WhiteElo "2250"]
[BlackElo "2670"]
[PlyCount "74"]
[EventDate "2012.??.??"]

1. e4 c5 2. Nf3 Nc6 3. d4 cxd4 4. Nxd4 Nf6 5. Nc3 e5 6. Ndb5 d6 7. Bg5 a6 8.
Na3 b5 9. Nd5 Be7 10. Bxf6 Bxf6 11. c4 b4 12. Nc2 Rb8 13. b3 Bg5 14. g3 O-O 15.
h4 Bh6 16. Bh3 Be6 17. Kf1 Qd7 18. Kg2 a5 19. g4 f6 20. Qe2 Rbe8 21. Rad1 Kh8
22. Rd3 Bf4 23. c5 Bxd5 24. Rxd5 Ne7 25. Rxd6 Qc7 26. Qb5 Rb8 27. Qc4 Ng6 28.
Rhd1 Nxh4+ 29. Kf1 Rbc8 30. c6 Nf3 31. g5 fxg5 32. Bxc8 Qxc8 33. Qe6 Qa6+ 34.
Qc4 Qc8 35. c7 Nh2+ 36. Ke2 Qg4+ 37. Kd3 Qxd1# 0-1

[Event "FinaleChallengeBNP 2012"]
[Site "Port-Marly"]
[Date "2012.06.16"]
[Round "10.2"]
[White "Guliyev, NAMIG."]
[Black "Bauer, Christian"]
[Result "1-0"]
[WhiteElo "2690"]
[BlackElo "2740"]
[PlyCount "71"]
[EventDate "2012.??.??"]

1. e4 c5 2. Nf3 e6 3. d4 cxd4 4. Nxd4 Qb6 5. Nb3 Qc7 6. Nc3 a6 7. Bd3 Nf6 8. f4
d6 9. Qf3 Nbd7 10. g4 h6 11. Bd2 b5 12. h4 h5 13. g5 Ng4 14. O-O-O Bb7 15. Kb1
b4 16. Ne2 Qb6 17. Nbd4 Nc5 18. f5 O-O-O 19. fxe6 fxe6 20. Nxe6 Nxe6 21. Qf5
Kb8 22. Qxe6 Nf2 23. Nf4 Bc8 24. Qb3 Nxh1 25. Rxh1 Be7 26. Nd5 Qb7 27. Nxb4 Ka8
28. Bxa6 Qxe4 29. Re1 Qg2 30. Rxe7 Qxd2 31. a3 Rd7 32. Qf3+ d5 33. Qf7 Qe1+ 34.
Ka2 Qe6 35. Qxg7 d4+ 36. b3 1-0

[Event "FinaleChallengeBNP 2012"]
[Site "Port-Marly"]
[Date "2012.06.16"]
[Round "10.3"]
[White "Bonnaud, Remy"]
[Black "Lepelletier, Benoit"]
[Result "1-0"]
[WhiteElo "2230"]
[BlackElo "2540"]
[PlyCount "77"]
[EventDate "2012.??.??"]

1. e4 e5 2. Nf3 Nc6 3. Bc4 g6 4. d4 exd4 5. Nxd4 Bg7 6. Nxc6 bxc6 7. Qf3 Qf6 8.
Qg3 d6 9. Nc3 Be6 10. Bd3 Rb8 11. O-O Qd4 12. Be3 Qb4 13. Bxa7 Ra8 14. Be3 Qxb2
15. Ne2 Bxa2 16. Rfb1 Qxb1+ 17. Rxb1 Bxb1 18. Bd4 Bxd4 19. Nxd4 Nf6 20. e5 Nh5
21. Qf3 O-O 22. Nxc6 Bxc2 23. Bxc2 Ra1+ 24. Bd1 dxe5 25. h3 e4 26. Ne7+ Kg7 27.
Qc3+ Nf6 28. Qxa1 Rd8 29. Bb3 c6 30. Nxc6 Rd6 31. Ba4 Kh6 32. Qc1+ Kg7 33. Qc3
Kh6 34. Qe3+ Kg7 35. Qc3 Kh6 36. Ne5 Kg7 37. Ng4 g5 38. Nxf6 Rxf6 39. Bc6 1-0

[Event "FinaleChallengeBNP 2012"]
[Site "Port-Marly"]
[Date "2012.06.16"]
[Round "10.4"]
[White "Godart, Francois"]
[Black "Naudion, Gregoire"]
[Result "1-0"]
[WhiteElo "2350"]
[BlackElo "2220"]
[PlyCount "64"]
[EventDate "2012.??.??"]

1. Nc3 Nf6 2. e4 d6 3. d4 Nbd7 4. g4 h6 5. h3 e5 6. Nge2 Be7 7. Be3 c6 8. Bg2
g5 9. Qd2 Nf8 10. O-O-O Qc7 11. Ng3 Ng6 12. Nf5 Bxf5 13. exf5 Nh4 14. Rhg1 Nxg2
15. Rxg2 O-O-O 16. d5 Qa5 17. Kb1 Nd7 18. Ne4 Qxd2 19. Rxd2 Nb6 20. Bxb6 axb6
21. f6 Bf8 22. Rg3 Kc7 23. Rgd3 Rd7 24. f3 h5 25. Nxg5 Bh6 26. h4 hxg4 27. fxg4
Rg8 28. c4 Rxg5 29. Rg3 b5 30. b3 bxc4 31. bxc4 Rd8 32. Rh2 Rf8 1-0

[Event "FinaleChallengeBNP 2012"]
[Site "Port-Marly"]
[Date "2012.06.16"]
[Round "10.5"]
[White "Kirszenberg, Marc"]
[Black "Leruste, Georges"]
[Result "1/2-1/2"]
[WhiteElo "2260"]
[BlackElo "2270"]
[PlyCount "78"]
[EventDate "2012.??.??"]

1. d4 e6 2. c4 f5 3. Nc3 Nf6 4. Nf3 Be7 5. Bf4 d6 6. h3 O-O 7. e3 b6 8. Be2 Bb7
9. O-O h6 10. b4 Nbd7 11. Qb3 Kh8 12. Rad1 Ne4 13. c5 Nxc3 14. Qxc3 Nf6 15. Qb3
Bd5 16. Bc4 Bxf3 17. gxf3 d5 18. Bd3 Nh5 19. Be5 Bf6 20. f4 Bxe5 21. dxe5 Qh4
22. Kh2 g5 23. fxg5 Rg8 24. Bxf5 Qxg5 25. Bg4 Qh4 26. Rd4 Raf8 27. Qc2 Qg5 28.
f4 Qh4 29. Qf2 Rxg4 30. Qxh4 Rxh4 31. f5 Rxd4 32. exd4 Rxf5 33. Rg1 Rf2+ 34.
Kh1 Rxa2 35. Rg6 Nf4 36. Rxh6+ Kg7 37. Rf6 Rf2 38. Kg1 Rg2+ 39. Kf1 bxc5
1/2-1/2

[Event "FinaleChallengeBNP 2012"]
[Site "Port-Marly"]
[Date "2012.06.16"]
[Round "10.6"]
[White "Decosse, Jean-Fabien"]
[Black "Capone, Nicola"]
[Result "0-1"]
[WhiteElo "2440"]
[BlackElo "2380"]
[PlyCount "84"]
[EventDate "2012.??.??"]

1. d4 Nf6 2. c4 c5 3. d5 e6 4. Nc3 exd5 5. cxd5 d6 6. e4 g6 7. f3 Bg7 8. Bg5
O-O 9. Qd2 Re8 10. a4 Na6 11. Nge2 Nc7 12. Ng3 Rb8 13. Be2 b6 14. O-O a6 15.
Nh1 b5 16. axb5 axb5 17. Ra7 b4 18. Nd1 Rb7 19. Rxb7 Bxb7 20. Nhf2 Qd7 21. Ne3
Nb5 22. Nc4 Nd4 23. Bd3 Ba6 24. Qf4 Bxc4 25. Bxc4 Nh5 26. Qd2 f5 27. Qd3 f4 28.
Qd2 Qf7 29. Nd3 Be5 30. Ra1 h6 31. Bxh6 Qf6 32. Nxe5 dxe5 33. Ra7 g5 34. d6+
Kh8 35. Bf7 Rd8 36. Bxh5 Qxh6 37. Bg4 Qxd6 38. Qd3 Qb6 39. Ra6 c4 40. Qxc4
Nxf3+ 41. Kf1 Qg1+ 42. Ke2 Qxg2# 0-1

[Event "FinaleChallengeBNP 2012"]
[Site "Port-Marly"]
[Date "2012.06.16"]
[Round "11.1"]
[White "Dourerassou, Jonathan"]
[Black "Pavon Cardenas, Jesus"]
[Result "1-0"]
[WhiteElo "2670"]
[BlackElo "2450"]
[PlyCount "41"]
[EventDate "2012.??.??"]

1. e4 d5 2. Nc3 Qd6 3. d4 Nf6 4. Nf3 a6 5. g3 b5 6. Bg2 Bb7 7. O-O Nbd7 8. Bf4
Qb6 9. a4 Rc8 10. Qe2 b4 11. a5 Qa7 12. Na4 e6 13. Rfe1 Be7 14. Ng5 O-O 15. Nf3
c5 16. dxc5 Nxc5 17. Nb6 Rcd8 18. Be3 Qb8 19. Qc4 Qc7 20. Bf4 Qc6 21. Nh4 1-0

[Event "FinaleChallengeBNP 2012"]
[Site "Port-Marly"]
[Date "2012.06.16"]
[Round "11.2"]
[White "Godart, Francois"]
[Black "Guliyev, Namig"]
[Result "0-1"]
[WhiteElo "2350"]
[BlackElo "2690"]
[PlyCount "78"]
[EventDate "2012.??.??"]

1. d4 d5 2. Nf3 Nf6 3. e3 e6 4. Bd3 c5 5. c3 Nc6 6. O-O Bd6 7. Nbd2 O-O 8. dxc5
Bxc5 9. b4 Bb6 10. b5 Ne7 11. Bb2 Bd7 12. a4 Ng6 13. c4 Rc8 14. Qb3 Re8 15.
Rfd1 Bc5 16. Rac1 b6 17. cxd5 exd5 18. Nd4 Ne5 19. Bf5 g6 20. Bxd7 Qxd7 21. Nc6
Nxc6 22. Bxf6 Na5 23. Qb2 Qe6 24. Bh8 Bf8 25. Bc3 Nc4 26. Nxc4 dxc4 27. Qd2 Be7
28. Qd4 f6 29. Qd7 Kf7 30. Bb4 Qxd7 31. Rxd7 Ke6 32. Rxe7+ Rxe7 33. Bxe7 Kxe7
34. Kf1 Kd6 35. Ke2 Kc5 36. Rb1 Rd8 37. f4 f5 38. h3 c3 39. Rd1 Kb4 0-1

[Event "FinaleChallengeBNP 2012"]
[Site "Port-Marly"]
[Date "2012.06.16"]
[Round "11.3"]
[White "Bauer, Christian"]
[Black "Bonnaud, Remy"]
[Result "1-0"]
[WhiteElo "2740"]
[BlackElo "2230"]
[PlyCount "74"]
[EventDate "2012.??.??"]

1. e4 d5 2. exd5 Qxd5 3. Nc3 Qa5 4. Rb1 c6 5. b4 Qc7 6. b5 Nf6 7. h3 g6 8. Nf3
Bg7 9. Bd3 O-O 10. O-O cxb5 11. Nxb5 Qd8 12. Re1 Nc6 13. a4 a5 14. Ba3 Re8 15.
Bc4 h6 16. c3 Bf5 17. d3 Rc8 18. Qb3 Rf8 19. Nbd4 Nxd4 20. Nxd4 Rc7 21. Qb5 Rd7
22. Qxf5 Qc7 23. Re3 e6 24. Qc5 Rfd8 25. Bd5 exd5 26. Qxc7 Rxc7 27. Bc5 Rdc8
28. Rb5 Bf8 29. Bxf8 Kxf8 30. Rxa5 Rxc3 31. Rxd5 Rc1+ 32. Kh2 R8c6 33. Rf3 Rc7
34. Rd6 Kg7 35. a5 Rd1 36. Rf4 Kh7 37. Rh4 Rcc1 1-0

[Event "FinaleChallengeBNP 2012"]
[Site "Port-Marly"]
[Date "2012.06.16"]
[Round "11.4"]
[White "Lepelletier, Benoit"]
[Black "Baron, Thierry"]
[Result "1-0"]
[WhiteElo "2540"]
[BlackElo "2170"]
[PlyCount "84"]
[EventDate "2012.??.??"]

1. e4 e5 2. Nf3 Nc6 3. Bb5 a6 4. Ba4 Nf6 5. O-O b5 6. Bb3 Be7 7. d4 d6 8. c3
O-O 9. Be3 Bg4 10. Nbd2 Qd7 11. Re1 h6 12. Qe2 Rfe8 13. Rad1 exd4 14. cxd4 Bf8
15. Bc2 Bh5 16. Qf1 Bg6 17. Bf4 Nb4 18. Bb1 c5 19. a3 Nc6 20. dxc5 dxc5 21. h3
Nd4 22. Ne5 Qe6 23. Nxg6 fxg6 24. e5 Nd5 25. Bh2 Be7 26. Ne4 Rf8 27. Ba2 Rad8
28. Nc3 Bg5 29. Qd3 Kh7 30. Nxd5 Rxd5 31. Qe4 Rfd8 32. Bxd5 Rxd5 33. h4 Bd8 34.
h5 Bb6 35. hxg6+ Kg8 36. Bf4 a5 37. Be3 Rd8 38. Bxd4 cxd4 39. Rc1 Rf8 40. Rc6
Qf5 41. Qxf5 Rxf5 42. Rxb6 d3 1-0